00762nam a2200205 a 450000100100000000500170001000800410002704000250006808200130009310000420010624500910014826000390023930000270027849000310030570000390033683000380037504900090041395201170042299900170053900002368320200930022406.0101218s1970 mx 000 0 spa d aDO-SdBNPbspacBNPHU ann*bnn*1 aJiménez Alarcón, Moisés.94878810aPrimer curso de español /cMoisés Jiménez Alarcón y José Vizcaíno Pérez. aMéxico, D. F. :bHerrero,c1970. axxvi, 560 p. ;c21 cm.1 aLiteratura Hispanomexicana1 aVizcaíno Pérez, José.948789 0aLiteratura Hispanomexicana948790 aBNGR 001054708MOaGRbGRcCTd2010-12-18iLF1l0onn* nn*p23683-10r2020-06-25w2020-06-25y4ZPréstamo en sala c23179d23179